| 000 | 00498nam a2200193Ia 4500 | ||
|---|---|---|---|
| 003 | IIN | ||
| 005 | 20240102123643.0 | ||
| 008 | 231217s9999 xx 000 0 und d | ||
| 020 |
_cRs.495.00 _a9789350251225 |
||
| 040 |
_aIIN _bEnglish |
||
| 082 |
_a612.014 _bSHA |
||
| 100 | 1 | _aSharma, Suresh K. | |
| 245 |
_aBiophysics in Nursing _cSuresh K. Sharma |
||
| 260 |
_bJaypee _aNew Delhi _c2011 |
||
| 300 | _axv, 218 p. | ||
| 650 | _aBiochemistry | ||
| 650 |
_aBiophysics _vin nursing |
||
| 942 | _cBOOK | ||
| 999 |
_c164 _d164 |
||